000 00501nam a2200193 a 4500
001 1758450489982
003 YourLibrary
005 20250922114913.0
008 250921s2006##################000#0#eng##
020 _a9780202309521
082 0 4 _a155.232
_bKNU
100 1 _aKnutson, John F.,
_eauthor.
245 1 0 _aThe Control of Aggression :
260 _bAldine De Gruyter,
_c2006.
300 _a310 pages
650 0 _aPsychology.
942 _cENGLISH
040 _aYourLibrary
_beng
_cYourLibrary
999 _c588712
_d588712